| 000 | 01579nkc a22002657a 4500 | ||
|---|---|---|---|
| 001 | 85798 | ||
| 005 | 20260417141025.0 | ||
| 007 | kh boc | ||
| 008 | 260414s1867 sp ||||| |||| |0| i|spa d | ||
| 040 |
_aM-RABA _bspa _cM-RABA |
||
| 245 | 0 | 1 |
_a[Monasterio de Ripoll _b: vistas de la portada y del claustro] _h[Material gráfico] |
| 260 | _c[ca. 1885] | ||
| 300 |
_a2 fotografías _b: albúmina _c; imagen 16,5 x 22 cm _c; soporte secundario 24,5 x 33 cm |
||
| 500 | 0 | 0 | _aConjunto de 2 fotografías del Monasterio de Santa María de Ripoll (Gerona, Cataluña) que representan la portada monumental de la Iglesia y una vista del claustro. |
| 500 | 0 | 0 | _aLas fotografías pueden pertenecer a la última fase de restauración del monasterio, iniciada a partir de 1885, cuando se consiguió la cesión completa de la iglesia y del claustro. |
| 500 | 0 | 0 | _aFechas tomadas de las ampliaciones comenzadas en 1867. |
| 588 | _aFecha probable tomada de las informaciones sobre las restauraciones. (https://www.monestirderipoll.cat/) | ||
| 610 | 2 | 7 |
_aMonasterio de Santa María de Ripoll (Gerona, España) _96240 |
| 651 | 7 |
_aRipoll (Gerona, España) _940083 |
|
| 655 | 0 |
_aFotografías de monumentos _9111580 |
|
| 852 | _jFot-637; Fot-638 | ||
| 856 |
_uhttps://archivoybiblioteca.realacademiabellasartessanfernando.com/cgi-bin/koha/opac-retrieve-file.pl?id=01cfa45809f9acc22a3925eeefc8af94 _yFot-637 |
||
| 856 |
_uhttps://archivoybiblioteca.realacademiabellasartessanfernando.com/cgi-bin/koha/opac-retrieve-file.pl?id=8689b2e87863a81531adfee0cf3b2d70 _yFot-638 |
||
| 942 |
_cFOTOGRAFÍA _n0 |
||
| 999 |
_c85798 _d85798 |
||